00335 2200145 4500245004700000250001100047100002400058650001600082650001700098005001900115260001800134041001400152084001400166336000900180 aHello ! It's MecNaisya Aliya ArifinhText aCet. 1 aNaisya Aliya Arifin aKarya Siswa aAutobiografi a20250520105055 aJakartac2025 aIndonesia a081 NAI h atext